| 000 | 01246cam a2200229 4500 | ||
|---|---|---|---|
| 001 | ##L133548 | ||
| 008 | 060518n2006 000 0 eng u | ||
| 035 | _a(Sirsi) u133548 | ||
| 041 | 0 | _aeng | |
| 050 | 0 | 4 | _a333.33 $2 18 |
| 110 | 2 | _aRightmove | |
| 245 | 0 | 4 |
_aThe Rightmove house price index _bMay edition |
| 260 |
_aLondon _bRightmove _c2006 |
||
| 490 | 0 |
_aRightmove House Price Index _v15 May 2006 |
|
| 520 | _aThe May edition shows trends in asking prices up to 15 May 2006. The average property asking price moved up 2% (£4 155) to £209 829 in May setting a new record high and representing an annual rate of increase of 5.9% up from 4.1% in April. Rightmove revises its 2006 forecast upwards from 5% to 8% as property shortage drives asking prices up and housing demand outweighs affordability constraints. Interest rate rises can manage housing demand in the short term but do not address the underlying housing shortage. | ||
| 590 | _aIKA230506 | ||
| 650 | 2 | 4 | _aRIGHTMOVE HOUSE PRICE INDEX |
| 651 | 4 |
_aEngland and Wales _y1543- |
|
| 690 | _aPROPERTY-RESIDENTIAL PROPERTY-RESIDENTIAL PROPERTY MARKET | ||
| 856 | 4 | 0 |
_uhttps://www.rightmove.co.uk _zView the house price index free of charge at www.rightmove.co.uk... |
| 942 | _n0 | ||
| 999 |
_c105415 _d105415 |
||